Matemáticas avanzadas para ingeniería

Bibliographic Details
Main Author: Kreyszig
Format: Section = Libro
Language:Undetermined
Spanish
Published: México Limusa 1967
Subjects:
LEADER 00422nam a2200169Ia 4500
008 240829s9999 xx 000 0 und d
040 |a BIBLIOTECA-RUSB/ 510 K92 
041 |a spa 
082 |a 510 K92 
100 1 |a Kreyszig 
245 1 0 |a Matemáticas avanzadas para ingeniería 
260 |a México  |b Limusa  |c 1967 
300 |a p. irreg. :il. 
650 7 |a MATEMATICA INGENIERIA 
942 |c BK  |2 ddc 
991 |a TEXTO 
999 |c 1259